Normal view
MARC view
Entry Personal Name
001 - CONTROL NUMBER
- control field: 12652
003 - CONTROL NUMBER IDENTIFIER
- control field: OSt
005 - DATE AND TIME OF LATEST TRANSACTION
- control field: 20180604181801.0
008 - FIXED-LENGTH DATA ELEMENTS
- fixed length control field: 180604|| aca||aabn | a|a d
040 ## - CATALOGING SOURCE
- Original cataloging agency: OSt
- Transcribing agency: OSt
100 ## - HEADING--PERSONAL NAME
- Personal name: Mehrotra Santosh;Delamonica Enrique;
670 ## - SOURCE DATA FOUND
- Source citation: Work cat.: (OSt): Mehrotra Santosh;Delamonica Enrique;, Eliminating Human Poverty;, 2005.
